书目信息 |
| 题名: |
城市轨道交通通信与信号系统
|
|
| 作者: | 崔志宇 , 陈波 , 江伟 主编 | |
| 分册: | ||
| 出版信息: | 北京 中国建材工业出版社 2017.09 |
|
| 页数: | 230页 | |
| 开本: | 26cm | |
| 丛书名: | ||
| 单 册: | ||
| 中图分类: | U239.5 | |
| 科图分类: | ||
| 主题词: | 城市铁路--交通信号--信号系统 | |
| 电子资源: | ||
| ISBN: | 978-7-5160-1890-3 | |
| 000 | 00711nam0 2200229 450 | |
| 001 | 5043 | |
| 005 | 20181014083335.42 | |
| 010 | @a978-7-5160-1890-3@dCNY69.00 | |
| 100 | @a20171222d2017 em y0chiy50 ea | |
| 101 | 0 | @achi |
| 102 | @aCN@b110000 | |
| 105 | @aak z 000yy | |
| 200 | 1 | @a城市轨道交通通信与信号系统@9cheng shi gui dao jiao tong tong xin yu xin hao xi tong@f崔志宇,陈波,江伟主编 |
| 210 | @a北京@c中国建材工业出版社@d2017.09 | |
| 215 | @a230页@c图@d26cm | |
| 606 | 0 | @a城市铁路@x交通信号@x信号系统 |
| 690 | @aU239.5@v5 | |
| 701 | 0 | @a崔志宇@9cui zhi yu@4主编 |
| 701 | 0 | @a陈波@9chen bo@4主编 |
| 701 | 0 | @a江伟@9JIANG WEI@4主编 |
| 801 | 0 | @aCN@b91MARC@c20171222 |
| 905 | @aMuseLib@dU239.5@e772 | |
| 城市轨道交通通信与信号系统/崔志宇,陈波,江伟主编.-北京:中国建材工业出版社,2017.09 |
| 230页:图;26cm |
| ISBN 978-7-5160-1890-3:CNY69.00 |
| ● |
| 相关链接 |
|
|
|
|
正题名:城市轨道交通通信与信号系统
索取号:U239.5/772
 
预约/预借
| 序号 | 登录号 | 条形码 | 馆藏地/架位号 | 状态 | 备注 |
| 1 | 1127844 | 211278446 | 第二样本阅览室/ [索取号:U239.5/772] | 在馆 | |
| 2 | 1127845 | 211278455 | 密集书库-物理学院/ [索取号:U239.5/772] | 在馆 | |
| 3 | 1127846 | 211278464 | 第三借阅区/ [索取号:U239.5/772] | 在馆 | |
| 4 | 1127847 | 211278473 | 第三借阅区/ [索取号:U239.5/772] | 在馆 | |
| 5 | 1127848 | 211278482 | 第三借阅区/ [索取号:U239.5/772] | 在馆 |